000 02364nam a22003017a 4500
005 20171127142539.0
008 140814n fr ||||fr|||| 001 0 fre d
040 _cSandra Yazo
_dSandra Yazo
041 0 _afre
082 0 4 _220
_a840.6
092 _aE32N014
100 1 _aChateaubriand, François-René
_cvicomte de
_q1768-1848?
_963791
242 0 0 _aChateaubriand. Páginas escogidas.
_bLa correspondencia. Primeros ensayos. Obras capitales. Escritos de la Restauración. Últimas obras. Memorias de ultratumba. Con una Introducción, explicaciones y notas.
_cpor Víctor Giraud.
_yspa
245 1 0 _aChauteaubriand. Pages choisies.
_bLa correspondance. Les premiers essais. Les chefs-d’oeuvre. Les écrits de la Restauration. Les dernières oeuvres. Les Memoires d’outre-tombe. Avec une Introduction, des notices et des notes.
_cpar Victor Giraud.
250 _aTroisième édition renueve et corrigée [Tercera edición, revisada y corregida]
260 _aParís (Francia)
_bLibrairie Hachette
_c[fecha desconocida]
300 _axxii, 328 páginas
_c19 x 14 cm.
490 0 _aBibliothèque de littérature [Biblioteca de literatura]
500 _aDetalles físicos: Encuadernación rígida (holandesa), en cartón forrado en papel. Lomo en tela encolada, con tejuelo. Guardas en papel grueso. Anteportada. Portada impresa en una sola tinta. Texto impreso en una columna. Notas al pie de página. Márgenes amplios. Ejemplar en buen estado. Cortes pintados.
505 0 _aCorrespondencia ; Primeras obras (1789 a 1802): Ensayo sobre las revoluciones ; Viaje a América ; Los Natchez ; Atala ; Las obras maestras: El Genio del Cristianismo (1802) ; Viaje a Italia (1809) ; Itinerario de París a Jerusalén (1811) ; Escritos de la Restauración ; Las aventuras del último de los Abencerrajes (1826) ; Misceláneas histórico-literarias ; Estudios históricos ; Misceláneas políticas, polémicas y oratorias ; Miscelánea poética ; Últimas obras: Ensayo sobre la literatura inglesa ; El Congreso de Verona ; La Vida de Rancé ; Memorias de ultratumba.
506 _aConsulta en sala
546 _aTexto en francés
650 7 _923846
_aRomanticismo
_xLiteratura
650 7 _97794
_aLiteratura francesa
690 _aLiteratura europea
_926524
700 1 _aGiraud, Victor
_d1868-1953
_963783
942 _cLIBRO
_e3
_2LOCAL
_hE32N014
999 _c296633
_d296633